Just between us / (Record no. 586194)

000 -LEADER
fixed length control field 01545cam a2200409 a 4500
001 - CONTROL NUMBER
control field 14034824
003 - CONTROL NUMBER IDENTIFIER
control field NUST
005 - DATE AND TIME OF LATEST TRANSACTION
control field 20210823144842.0
008 - FIXED-LENGTH DATA ELEMENTS--GENERAL INFORMATION
fixed length control field 050713r20062002nyu 000 1 eng
010 ## - LIBRARY OF CONGRESS CONTROL NUMBER
LC control number 2005051780
020 ## - INTERNATIONAL STANDARD BOOK NUMBER
International Standard Book Number 0743490266
020 ## - INTERNATIONAL STANDARD BOOK NUMBER
International Standard Book Number 9780743490269
035 ## - SYSTEM CONTROL NUMBER
System control number (OCoLC)ocm61123196
038 ## - RECORD CONTENT LICENSOR
Staff Name Arshad
040 ## - CATALOGING SOURCE
Original cataloging agency DLC
Transcribing agency DLC
Modifying agency IG#
-- BAKER
-- VPL
-- IK2
-- VP@
-- BTCTA
-- DLC
043 ## - GEOGRAPHIC AREA CODE
Geographic area code e-ie---
050 00 - LIBRARY OF CONGRESS CALL NUMBER
Classification number PR6061.E484
Item number J87 2006
082 00 - DEWEY DECIMAL CLASSIFICATION NUMBER
Classification number 823.92
Author Mark KEL
100 1# - MAIN ENTRY--PERSONAL NAME
Personal name Kelly, Cathy.
9 (RLIN) 10881
245 10 - TITLE STATEMENT
Title Just between us /
Statement of responsibility, etc. Cathy Kelly.
250 ## - EDITION STATEMENT
Edition statement 1st Downtown Press trade pbk. ed.
260 ## - PUBLICATION, DISTRIBUTION, ETC.
Place of publication, distribution, etc. New York :
Name of publisher, distributor, etc. Downtown Press,
Date of publication, distribution, etc. 2006.
300 ## - PHYSICAL DESCRIPTION
Extent ix, 530 p. ;
Dimensions 21 cm.
500 ## - GENERAL NOTE
General note Originally published: London : HarperCollins, 2002.
563 ## - BINDING INFORMATION
Binding note HBK
650 #0 - SUBJECT ADDED ENTRY--TOPICAL TERM
Topical term or geographic name entry element Sisters
Form subdivision Fiction.
9 (RLIN) 7293
650 #0 - SUBJECT ADDED ENTRY--TOPICAL TERM
Topical term or geographic name entry element Women
Geographic subdivision Ireland
Form subdivision Fiction.
9 (RLIN) 8061
651 #0 - SUBJECT ADDED ENTRY--GEOGRAPHIC NAME
Geographic name Ireland
Form subdivision Fiction.
9 (RLIN) 10884
655 #0 - INDEX TERM--GENRE/FORM
Genre/form data or focus term Domestic fiction.
9 (RLIN) 4525
655 #7 - INDEX TERM--GENRE/FORM
Genre/form data or focus term Domestic fiction.
Source of term lcsh
9 (RLIN) 4525
856 42 - ELECTRONIC LOCATION AND ACCESS
Materials specified Publisher description
Uniform Resource Identifier <a href="http://www.loc.gov/catdir/enhancements/fy0631/2005051780-d.html">http://www.loc.gov/catdir/enhancements/fy0631/2005051780-d.html</a>
856 41 - ELECTRONIC LOCATION AND ACCESS
Materials specified Sample text
Uniform Resource Identifier <a href="http://www.loc.gov/catdir/enhancements/fy0641/2005051780-s.html">http://www.loc.gov/catdir/enhancements/fy0641/2005051780-s.html</a>
856 42 - ELECTRONIC LOCATION AND ACCESS
Materials specified Contributor biographical information
Uniform Resource Identifier <a href="http://www.loc.gov/catdir/enhancements/fy1005/2005051780-b.html">http://www.loc.gov/catdir/enhancements/fy1005/2005051780-b.html</a>
906 ## - LOCAL DATA ELEMENT F, LDF (RLIN)
a 7
b cbc
c orignew
d 1
e ocip
f 20
g y-gencatlg
942 ## - ADDED ENTRY ELEMENTS (KOHA)
Source of classification or shelving scheme
Koha item type Book
Holdings
Withdrawn status Lost status Source of classification or shelving scheme Damaged status Not for loan Permanent Location Current Location Shelving location Date acquired Total Checkouts Full call number Barcode Date last seen Price effective from Koha item type
          Central Library (CL) Central Library (CL) Fiction 08/23/2021   823.92 KEL CL82 08/23/2021 08/23/2021 Book
© 2023 Central Library, National University of Sciences and Technology. All Rights Reserved.